Görögországi zarándoklat Szent Pál évében

Bibliographic Details
Main Author: Gyürki, László, 1932- (Author)
Format: Article
Language:Hungarian
PhysicalDescription:Fotogr.
ISSN:1335-6534
Subjects:

MARC

LEADER 00000nab a2200000 ar4500
001 vtls009353746
003 SK-MaSNL
005 20260318124041.0
008 081028c2008 xo |||||||| 000 b|hun
015 |a SNBRB2008/10  |2 snkbucl 
038 |a SNKBUCL 
040 |a DSZK  |b slo  |c DSZK  |e AACR2 
041 0 |a hun 
044 |a xo  |c SK 
080 |a 248.153.8  |2 1997 
080 |a 282  |2 1997 
100 1 |a Gyürki, László,  |d 1932-  |4 aut  |9 892624 
245 1 0 |a Görögországi zarándoklat Szent Pál évében  |c Gyürki László 
300 |b Fotogr. 
648 7 |a 2008  |2 snkbucl  |9 317238 
650 0 7 |a náboženské púte  |2 snkbucl  |9 1967 
651 7 |a Grécko  |2 snkbucl  |9 16240 
773 0 |t Remény  |g Évf. XIX, sz. 43 (2008), o. 12-13  |x 1335-6534 
852 |a SNK  |b KIS3GCP 
852 |a DSZK  |b KIS3GCP 
958 |a HU 
958 |a SK 
958 |a NT 
958 |a GR 
999 |c 2720913  |d 2722843